000 00343nam a22001457a 4500
008 210312b ||||| |||| 00| 0 eng d
020 _a9781451177329
041 _aeng
080 _211th
_a610.73
082 _211th
_a610.73
100 _a1
101 _aINF
245 _aIntroductory Medical-Surgical Nursing
_cTimby,K.B
942 _2udc
_cBK
999 _c56595
_d56595